000 00719nam a2200301Ia 4500
005 20260401122444.0
008 008 250103s9999 xx 000 0 eng d
020 _a9780393934991
037 _aTB
040 _aEDL
040 _beng
040 _cEDL
041 _2eng
041 _aeng
084 _a822.33GRE
084 _qEDL
100 _aGreenblatt, Stephen | Cohen, Walter | Howard, Jean E.
_91233675
245 0 _aNorton Shakespeare
245 0 _cGreenblatt, Stephen | Cohen, Walter | Howard, Jean E.
260 _aNewYork
260 _bW.W.Norton
260 _c2015
300 _a3435p
942 _cTB
942 _h822.33GRE
999 _c1847396
_d1847396